[Event "4NCL/Div3/PAP vs. CHEDP"]
[Site "Coventry ENG"]
[Date "2006.11.12"]
[Round "4.3"]
[White "Winkelmann, Elena"]
[Black "Shaw, Robert"]
[Result "0-1"]
[WhiteElo "2087"]
[BlackElo "2285"]
[PlyCount "182"]
[EventDate "2006.11.12"]
[EventType "team"]
[EventRounds "11"]
[EventCountry "ENG"]
[WhiteTeam "Pride+Prejudice"]
[BlackTeam "Cheddleton"]

1. d4 Nf6 2. c4 g6 3. f3 Bg7 4. e4 d6 5. Nc3 O-O 6. Be3 c5 7. d5 e6 8. Qd2 exd5
9. cxd5 a6 10. h4 b5 11. Bh6 Re8 12. Bxg7 Kxg7 13. Nge2 b4 14. Nd1 Nbd7 15. Ng3
Qe7 16. Qg5 Qe5 17. Qxe5 Nxe5 18. Ne3 a5 19. Kd2 h5 20. Bb5 Bd7 21. Bxd7 Nexd7
22. Nc4 Ra6 23. Rac1 Ne5 24. Nxe5 Rxe5 25. Nf1 Nd7 26. Ne3 Nb6 27. Nc4 Nxc4+
28. Rxc4 Ra8 29. Kd3 f5 30. Rcc1 Rae8 31. Rce1 R5e7 32. Rhf1 Re5 33. Rh1 Rf8
34. Rhf1 Ra8 35. Kc4 Rae8 36. Kd3 a4 37. Rh1 Ra8 38. Kc4 a3 39. b3 Rae8 40. Kd3
Kf6 41. Rhf1 Kg7 42. Rh1 Kh6 43. Rhf1 R5e7 44. Rh1 Re5 45. Rhf1 R8e7 46. Rh1
Rf7 47. Rhf1 Kg7 48. Ke3 Kf8 49. Kd3 Ke8 50. Rc1 Kd7 51. Rce1 Kc7 52. Rc1 Kb6
53. Rce1 Kb5 54. Rc1 Rc7 55. Rc4 Rce7 56. Rf2 Rf7 57. Rcc2 Rf8 58. Rce2 Rc8 59.
Rc2 Rg8 60. Rce2 g5 61. hxg5 Rxg5 62. Re3 Rg3 63. Rc2 h4 64. Rf2 h3 65. gxh3
Rxh3 66. Ke2 c4 67. bxc4+ Kxc4 68. exf5 Rxf5 69. Re4+ Kc5 70. Ke3 Kb5 71. Rd4
Re5+ 72. Re4 Rxd5 73. Rg2 Rf5 74. Rf2 Rh1 75. f4 Rb1 76. Kf3 Rb2 77. Ree2 Rxe2
78. Rxe2 b3 79. axb3 Kb4 80. Rd2 Ra5 81. Rxd6 a2 82. Rd1 Kxb3 83. Ke4 a1=Q 84.
Rxa1 Rxa1 85. Ke5 Kc4 86. f5 Kc5 87. Ke6 Re1+ 88. Kd7 Rf1 89. Ke6 Kc6 90. f6
Re1+ 91. Kf7 Kd7 0-1

[Event "4NCL/Div3/PAP vs. CHEDP"]
[Site "Coventry ENG"]
[Date "2006.11.12"]
[Round "4.4"]
[White "Harman, Kenneth B"]
[Black "Lang, Heather"]
[Result "0-1"]
[WhiteElo "2199"]
[BlackElo "2050"]
[PlyCount "94"]
[EventDate "2006.11.12"]
[EventType "team"]
[EventRounds "11"]
[EventCountry "ENG"]
[WhiteTeam "Cheddleton"]
[BlackTeam "Pride+Prejudice"]

1. e4 e5 2. Nf3 Nc6 3. Bb5 a6 4. Ba4 Nf6 5. O-O b5 6. Bb3 Bb7 7. Ng5 d5 8. exd5
Na5 9. Nc3 Nxb3 10. axb3 Bd6 11. d4 O-O 12. Nf3 exd4 13. Qxd4 Nxd5 14. Nxd5
Bxd5 15. Qg4 Be6 16. Qh5 Qf6 17. Ng5 Bf5 18. c3 h6 19. Nf3 Rfe8 20. Be3 Re4 21.
Bd4 Qe6 22. Bxg7 Kxg7 23. Nd4 Rxd4 24. cxd4 Qg6 25. Qxg6+ fxg6 26. Rfe1 Kf7 27.
g3 Be6 28. Re3 Bd5 29. Rae1 Rd8 30. Ra1 Bb7 31. Rc1 Re8 32. Kf1 Re4 33. Rxe4
Bxe4 34. Ra1 Ke6 35. Ke2 Bb7 36. Ke3 Bb4 37. Rc1 Kd6 38. f4 Bd5 39. Rf1 Ke6 40.
g4 Bxb3 41. f5+ gxf5 42. Rxf5 Be7 43. h3 c6 44. Kd3 Bg5 45. Rf2 a5 46. Rf8 Bf6
47. Re8+ Kd5 0-1

[Event "4NCL/Div3/PAP vs. CHEDP"]
[Site "Coventry ENG"]
[Date "2006.11.12"]
[Round "4.5"]
[White "Forbes, Cathy"]
[Black "Acey, Gerald"]
[Result "1/2-1/2"]
[WhiteElo "2076"]
[BlackElo "2155"]
[PlyCount "79"]
[EventDate "2006.11.12"]
[EventType "team"]
[EventRounds "11"]
[EventCountry "ENG"]
[WhiteTeam "Pride+Prejudice"]
[BlackTeam "Cheddleton"]

1. d4 Nf6 2. Bf4 d6 3. Nd2 g6 4. e4 Bg7 5. Bc4 O-O 6. Ngf3 c6 7. c3 Nbd7 8. h3
b5 9. Be2 Bb7 10. a4 a6 11. O-O Qc7 12. e5 dxe5 13. Nxe5 Nd5 14. Nxd7 Qxd7 15.
Bh2 c5 16. dxc5 Qc6 17. Bf3 Qxc5 18. Nb3 Qb6 19. axb5 axb5 20. Rxa8 Bxa8 21.
Bxd5 Rd8 22. Bxf7+ Kxf7 23. Qg4 Qc6 24. Re1 Bf6 25. f3 Qd5 26. Qb4 Rc8 27. Na5
Qd2 28. Qb3+ Bd5 29. Qd1 Qxd1 30. Rxd1 e6 31. Bd6 Bd8 32. Ra1 Bb6+ 33. Kh1 g5
34. Be5 h5 35. b4 Kg6 36. Kh2 Ra8 37. Nb3 Rxa1 38. Nxa1 Kf5 39. Bg3 h4 40. Be1
1/2-1/2

[Event "4NCL/Div3/PAP vs. CHEDP"]
[Site "Coventry ENG"]
[Date "2006.11.12"]
[Round "4.6"]
[White "Bennett, Patrick"]
[Black "Kieran, Rosalind A"]
[Result "1-0"]
[WhiteElo "2131"]
[BlackElo "2076"]
[PlyCount "51"]
[EventDate "2006.11.12"]
[EventType "team"]
[EventRounds "11"]
[EventCountry "ENG"]
[WhiteTeam "Cheddleton"]
[BlackTeam "Pride+Prejudice"]

1. d4 Nf6 2. Nf3 d5 3. g3 Bf5 4. c4 c6 5. Nc3 dxc4 6. Bg2 h6 7. Ne5 Nbd7 8.
Nxc4 Nb6 9. Ne5 e6 10. e4 Bh7 11. O-O Bb4 12. Re1 c5 13. d5 exd5 14. exd5 O-O
15. d6 Rb8 16. Be3 Re8 17. f4 Re6 18. Qb3 Qxd6 19. Bh3 Re7 20. Rad1 Qc7 21. Nb5
c4 22. Qxb4 Nbd5 23. Qd2 Qd8 24. Bxa7 Ra8 25. Bc5 Re8 26. Bg2 1-0

[Event "4NCL/Div3/PAP vs. CHEDP"]
[Site "Coventry ENG"]
[Date "2006.11.12"]
[Round "4.7"]
[White "Thilaganathan, Jessica"]
[Black "Hamblin, David J"]
[Result "1/2-1/2"]
[WhiteElo "1871"]
[BlackElo "2070"]
[PlyCount "37"]
[EventDate "2006.11.12"]
[EventType "team"]
[EventRounds "11"]
[EventCountry "ENG"]
[WhiteTeam "Pride+Prejudice"]
[BlackTeam "Cheddleton"]

1. d4 Nf6 2. Nf3 g6 3. g3 Bg7 4. Bg2 O-O 5. O-O d6 6. c4 Nc6 7. d5 Na5 8. Nfd2
c5 9. Nc3 a6 10. Qc2 Rb8 11. a4 Bd7 12. Re1 b5 13. axb5 axb5 14. cxb5 Bxb5 15.
Nxb5 Rxb5 16. Qa4 Qb6 17. e4 Nb3 18. Nxb3 Rxb3 19. Qa7 1/2-1/2

[Event "4NCL/Div3/PAP vs. CHEDP"]
[Site "Coventry ENG"]
[Date "2006.11.12"]
[Round "4.8"]
[White "Yu, Yangshan"]
[Black "Barraclough, Stephanie"]
[Result "0-1"]
[WhiteElo "1890"]
[BlackElo "1883"]
[PlyCount "48"]
[EventDate "2006.11.12"]
[EventType "team"]
[EventRounds "11"]
[EventCountry "ENG"]
[WhiteTeam "Cheddleton"]
[BlackTeam "Pride+Prejudice"]

1. e4 d6 2. b3 Nf6 3. Nc3 c6 4. d4 Qc7 5. Bb2 e5 6. dxe5 dxe5 7. f3 Bc5 8. Qd2
Nbd7 9. O-O-O O-O 10. g4 b5 11. h4 a5 12. a4 Qa7 13. Qg2 bxa4 14. Nxa4 Be3+ 15.
Kb1 Nb6 16. h5 Nxa4 17. bxa4 Rb8 18. Bc4 Bd4 19. Bb3 Bxb2 20. Kxb2 Be6 21. Ka2
Qb6 22. Rb1 c5 23. c3 Bxb3+ 24. Rxb3 Qxb3+ 0-1

[Event "4NCL/Div3/KHE vs. SLOS3"]
[Site "Coventry ENG"]
[Date "2007.01.13"]
[Round "5.1"]
[White "McMichael, Richard"]
[Black "Linford, Charles"]
[Result "1/2-1/2"]
[WhiteElo "2263"]
[BlackElo "2142"]
[PlyCount "38"]
[EventDate "2007.01.13"]
[EventType "team"]
[EventRounds "11"]
[EventCountry "ENG"]
[WhiteTeam "Kings Head"]
[BlackTeam "Slough Sharks 3"]

1. b3 c5 2. Bb2 b6 3. e3 Bb7 4. Nf3 e6 5. Be2 Nf6 6. O-O Be7 7. d4 O-O 8. Nbd2
d6 9. c4 Nbd7 10. Bd3 Qc7 11. Qe2 Rfe8 12. Rad1 Rad8 13. Bb1 Qb8 14. e4 cxd4
15. Nxd4 a6 16. Rfe1 h6 17. Nf1 Qa8 18. Ng3 Nf8 19. h3 Rd7 1/2-1/2

[Event "4NCL/Div3/KHE vs. SLOS3"]
[Site "Coventry ENG"]
[Date "2007.01.13"]
[Round "5.2"]
[White "Ruston, Mark R"]
[Black "Whiteley, Andrew"]
[Result "1-0"]
[WhiteElo "2112"]
[BlackElo "2250"]
[PlyCount "137"]
[EventDate "2007.01.13"]
[EventType "team"]
[EventRounds "11"]
[EventCountry "ENG"]
[WhiteTeam "Slough Sharks 3"]
[BlackTeam "Kings Head"]

1. e4 e6 2. d4 d5 3. Nd2 Nf6 4. e5 Nfd7 5. f4 c5 6. c3 cxd4 7. cxd4 Nc6 8. Ndf3
Nb6 9. Bd3 Bd7 10. a3 a5 11. b3 Be7 12. Be3 Kf8 13. h4 h5 14. g3 g6 15. Nh3 Kg7
16. Nfg5 Qf8 17. g4 Bxa3 18. O-O hxg4 19. Qxg4 Bb2 20. f5 exf5 21. Bxf5 Bxf5
22. Rxf5 Bxa1 23. Rxf7+ Qxf7 24. Nxf7 Kxf7 25. Qf3+ Kg8 26. Qf6 Rh7 27. Ng5 Rf8
28. Qe6+ Rhf7 29. Nxf7 Rxf7 30. Qe8+ Kg7 31. Bh6+ Kxh6 32. Qxf7 Bxd4+ 33. Kg2
a4 34. bxa4 Nxa4 35. e6 Nc5 36. e7 Nxe7 37. Qxe7 b6 38. Qg5+ Kh7 39. Qxd5 Bf6
40. Qf7+ Bg7 41. Qc7 Ne6 42. Qxb6 Nf4+ 43. Kf3 Nh5 44. Qb7 Kh6 45. Qf7 Bf6 46.
Qf8+ Bg7 47. Qc5 Bf6 48. Qe3+ Kh7 49. Kg4 Bg7 50. Qe7 Kh6 51. Qg5+ Kh7 52. Kf3
Bf6 53. Qg4 Kg7 54. Ke4 Kf7 55. Kd5 Ng7 56. Kc6 Be7 57. Kd7 Bf6 58. Qc4+ Kf8
59. Qc8+ Kf7 60. Qc4+ Kf8 61. Qg4 Kf7 62. Qf4 Nh5 63. Qc4+ Kg7 64. Ke8 Be5 65.
Ke7 Bg3 66. Qd4+ Kg8 67. Qd8+ Kh7 68. Kf7 Nf4 69. Qg8+ 1-0

[Event "4NCL/Div3/KHE vs. SLOS3"]
[Site "Coventry ENG"]
[Date "2007.01.13"]
[Round "5.3"]
[White "Krzywda, Andrzej"]
[Black "Muter, Donny"]
[Result "0-1"]
[WhiteElo "2197"]
[BlackElo "2162"]
[PlyCount "62"]
[EventDate "2007.01.13"]
[EventType "team"]
[EventRounds "11"]
[EventCountry "ENG"]
[WhiteTeam "Kings Head"]
[BlackTeam "Slough Sharks 3"]

1. e4 c5 2. Nf3 d6 3. d4 cxd4 4. Nxd4 Nf6 5. Nc3 a6 6. Bc4 e6 7. Bb3 Nbd7 8.
Bg5 Qa5 9. Qd2 Nc5 10. O-O Qc7 11. Rae1 Be7 12. f4 h6 13. Bh4 Nfxe4 14. Nxe4
Bxh4 15. Ng3 O-O 16. Nf3 Bf6 17. Rd1 Bxb2 18. Qxd6 Qxd6 19. Rxd6 Bf6 20. Rfd1
Be7 21. R6d2 g6 22. Ne5 h5 23. Re2 Rd8 24. Rxd8+ Bxd8 25. Rd2 Bc7 26. h4 Kg7
27. Ne2 b5 28. Nd4 Bb7 29. Ndc6 f6 30. Nd7 Bxc6 31. Nxc5 Bb6 0-1

[Event "4NCL/Div3/KHE vs. SLOS3"]
[Site "Coventry ENG"]
[Date "2007.01.13"]
[Round "5.4"]
[White "Edgell, Ben P"]
[Black "Wittmann, Jochen"]
[Result "0-1"]
[WhiteElo "2043"]
[BlackElo "2215"]
[PlyCount "74"]
[EventDate "2007.01.13"]
[EventType "team"]
[EventRounds "11"]
[EventCountry "ENG"]
[WhiteTeam "Slough Sharks 3"]
[BlackTeam "Kings Head"]

1. d4 f5 2. Nf3 d6 3. g3 g6 4. Bg2 Bg7 5. O-O Nf6 6. c4 O-O 7. Nc3 Nc6 8. b3 h6
9. Bb2 g5 10. d5 Ne5 11. Nd4 f4 12. Qd2 Nh5 13. Ne6 Bxe6 14. dxe6 c6 15. Rad1
Qc8 16. c5 d5 17. Nxd5 cxd5 18. Bxe5 Bxe5 19. Qxd5 Bf6 20. Qxb7 fxg3 21. hxg3
Qxc5 22. Qf3 Ng7 23. Qd3 Rac8 24. Qg6 Qf5 25. Qxh6 Rc2 26. e4 Qxe6 27. e5 Qxe5
28. Bd5+ e6 29. Bc4 Rd8 30. Rxd8+ Bxd8 31. Bd3 Rd2 32. Bh7+ Kf8 33. Qh1 Bb6 34.
Qf3+ Nf5 35. g4 Qg3+ 36. Qg2 Qxg2+ 37. Kxg2 Ne3+ 0-1

[Event "4NCL/Div3/KHE vs. SLOS3"]
[Site "Coventry ENG"]
[Date "2007.01.13"]
[Round "5.5"]
[White "Sandu, Mihaela"]
[Black "Mitchell, Stephen R"]
[Result "1-0"]
[WhiteElo "2207"]
[BlackElo "1985"]
[PlyCount "61"]
[EventDate "2007.01.13"]
[EventType "team"]
[EventRounds "11"]
[EventCountry "ENG"]
[WhiteTeam "Kings Head"]
[BlackTeam "Slough Sharks 3"]

1. e4 b6 2. d4 Bb7 3. Bd3 e6 4. Nf3 c5 5. O-O cxd4 6. Nxd4 Ne7 7. Bf4 Ng6 8.
Bg3 a6 9. Nc3 Bc5 10. Nb3 Be7 11. f4 Nc6 12. Qh5 d6 13. f5 exf5 14. exf5 Nge5
15. Be4 Rb8 16. Rad1 Nc4 17. Rfe1 N6e5 18. Bxe5 Nxe5 19. Bxb7 Rxb7 20. Rxe5
dxe5 21. Rxd8+ Bxd8 22. Ne4 O-O 23. f6 Bxf6 24. Nxf6+ gxf6 25. Nd2 f5 26. Qg5+
Kh8 27. Qf6+ Kg8 28. Qxe5 Rd7 29. Qxf5 Rfd8 30. Ne4 Rd1+ 31. Kf2 1-0

[Event "4NCL/Div3/KHE vs. SLOS3"]
[Site "Coventry ENG"]
[Date "2007.01.13"]
[Round "5.6"]
[White "Varnam, Liam D"]
[Black "O'Shaughnessy, Conor"]
[Result "0-1"]
[WhiteElo "2051"]
[BlackElo "2201"]
[PlyCount "78"]
[EventDate "2007.01.13"]
[EventType "team"]
[EventRounds "11"]
[EventCountry "ENG"]
[WhiteTeam "Slough Sharks 3"]
[BlackTeam "Kings Head"]

1. e4 c5 2. Nf3 d6 3. d4 cxd4 4. Nxd4 Nf6 5. Nc3 a6 6. Bc4 e6 7. Bb3 Nbd7 8.
Be3 Nc5 9. f3 b5 10. a3 Bb7 11. Qd2 Qc7 12. Ba2 Be7 13. g4 Rc8 14. h4 h6 15.
O-O-O Nfd7 16. g5 Ne5 17. gxh6 gxh6 18. Bxh6 Nxf3 19. Nxf3 Nxe4 20. Qe3 Nxc3
21. bxc3 Bxf3 22. Bg7 Rh7 23. Qxf3 Rxg7 24. Rd3 d5 25. h5 Qe5 26. Kb2 Bg5 27.
Qd1 Kf8 28. Re1 Qd6 29. Bb3 Be7 30. Qa1 Bf6 31. Qd1 Rg3 32. Ree3 Rxe3 33. Rxe3
Qc5 34. Qf3 Bg5 35. Rxe6 Bd2 36. Rxa6 Bxc3+ 37. Kc1 Qg1+ 38. Qd1 Bb2+ 39. Kd2
Qd4+ 0-1

[Event "4NCL/Div3/KHE vs. SLOS3"]
[Site "Coventry ENG"]
[Date "2007.01.13"]
[Round "5.7"]
[White "Okike, David C"]
[Black "Willis, Rupert"]
[Result "1-0"]
[WhiteElo "2180"]
[BlackElo "1870"]
[PlyCount "123"]
[EventDate "2007.01.13"]
[EventType "team"]
[EventRounds "11"]
[EventCountry "ENG"]
[WhiteTeam "Kings Head"]
[BlackTeam "Slough Sharks 3"]

1. e4 d6 2. d4 Nf6 3. f3 c5 4. dxc5 Qa5+ 5. c3 Qxc5 6. Qd3 g6 7. Be3 Qc7 8. Na3
a6 9. Qd2 h5 10. Bc4 Nbd7 11. Ne2 b5 12. Bb3 Nc5 13. Bc2 Bg7 14. Rc1 Bb7 15. b4
Ncd7 16. Bb3 Ne5 17. c4 Qd7 18. O-O O-O 19. Nd4 bxc4 20. Nxc4 Nxc4 21. Bxc4 d5
22. exd5 Nxd5 23. Nb3 Rad8 24. Rfd1 Qf5 25. Bc5 h4 26. Na5 Ba8 27. Bxa6 h3 28.
Bb7 Nf4 29. Qxd8 Ne2+ 30. Kf2 Bxb7 31. Nxb7 hxg2 32. Kxe2 Rxd8 33. Rxd8+ Kh7
34. Kf2 Qh3 35. Rg1 Bf6 36. Rxg2 Bh4+ 37. Kg1 Qxf3 38. Na5 Qe4 39. Rd1 Kg7 40.
Nb3 Bf6 41. Rf1 Bc3 42. b5 f5 43. Rg3 Bf6 44. Re3 Qg4+ 45. Kh1 e5 46. b6 Qa4
47. Kg1 Qc6 48. Rd1 e4 49. Rd6 Qc8 50. Bd4 Bxd4 51. Rxd4 f4 52. Rexe4 Qg4+ 53.
Kf2 Qh4+ 54. Kf3 g5 55. b7 Qh3+ 56. Ke2 f3+ 57. Ke3 Qg2 58. Rd7+ Kh6 59. b8=Q
Qe2+ 60. Kd4 Qd1+ 61. Kc4 Qxd7 62. Qf8+ 1-0

[Event "4NCL/Div3/KHE vs. SLOS3"]
[Site "Coventry ENG"]
[Date "2007.01.13"]
[Round "5.8"]
[White "Oliver, Shannon"]
[Black "Lewis, Alex"]
[Result "0-1"]
[WhiteElo "1929"]
[BlackElo "2170"]
[PlyCount "110"]
[EventDate "2007.01.13"]
[EventType "team"]
[EventRounds "11"]
[EventCountry "ENG"]
[WhiteTeam "Slough Sharks 3"]
[BlackTeam "Kings Head"]

1. e4 c5 2. Nf3 d6 3. d4 cxd4 4. Nxd4 Nf6 5. Nc3 g6 6. Be3 Bg7 7. f3 O-O 8. Qd2
Nc6 9. g4 Be6 10. O-O-O Qa5 11. a3 Ne5 12. h4 Rfc8 13. h5 Nxf3 14. Nxf3 Bxg4
15. Be2 Bxh5 16. Nd4 Bxe2 17. Ndxe2 b5 18. Nd5 Qxd2+ 19. Bxd2 Nxd5 20. exd5 Rc4
21. Bc3 Rac8 22. Rd2 Bxc3 23. Nxc3 a6 24. Rdh2 h5 25. Rg2 h4 26. Re2 R8c7 27.
Re4 g5 28. Rhe1 Kg7 29. Rxe7 Rxe7 30. Rxe7 h3 31. Re1 h2 32. Rh1 Rh4 33. Ne2 g4
34. b3 Kf6 35. Ng3 Rh3 36. Nf1 g3 37. Nxg3 Rxg3 38. Rxh2 Ke5 39. Rd2 f5 40. Rf2
f4 41. Kd1 Ke4 42. Ke1 f3 43. Rd2 Rg1+ 44. Kf2 Rg2+ 45. Ke1 Rxd2 46. Kxd2 Kd4
47. c3+ Ke4 48. a4 bxa4 49. bxa4 Kxd5 50. Ke3 Kc4 51. Kxf3 Kxc3 52. Ke4 Kb4 53.
Kd5 Kxa4 54. Kxd6 Kb3 55. Kc5 a5 0-1

[Event "4NCL/Div3/CHEDP vs. BRJ"]
[Site "Coventry ENG"]
[Date "2007.01.13"]
[Round "5.1"]
[White "Bellin, Robert"]
[Black "Headlong, Timothy"]
[Result "1/2-1/2"]
[WhiteElo "2381"]
[BlackElo "2211"]
[PlyCount "117"]
[EventDate "2007.01.13"]
[EventType "team"]
[EventRounds "11"]
[EventCountry "ENG"]
[WhiteTeam "Cheddleton"]
[BlackTeam "Brown Jack"]

1. e4 c5 2. Nf3 Nc6 3. Bb5 g6 4. Bxc6 dxc6 5. d3 Bg7 6. h3 Nf6 7. Nc3 O-O 8.
Be3 b6 9. Qd2 e5 10. Bh6 Qd6 11. Qg5 Re8 12. Bxg7 Kxg7 13. Nh2 a5 14. Ng4 Nh5
15. a4 f6 16. Qh6+ Kg8 17. O-O Ra7 18. g3 Qf8 19. Qd2 Kh8 20. Rae1 Qd6 21. Qh6
Qf8 22. Qxf8+ Rxf8 23. Kg2 Bxg4 24. hxg4 Ng7 25. f4 Ne6 26. Rf2 Kg7 27. Ref1
Raa8 28. Nd1 b5 29. Ne3 Rab8 30. Ra1 Ra8 31. Rff1 Rfd8 32. b3 Nd4 33. Ra2 Ne2
34. Raa1 Nc3 35. Nd1 Nxd1 36. Rfxd1 b4 37. Rh1 Rd7 38. Rh2 Rad8 39. Rah1 Kg8
40. Kf3 Re7 41. Ke3 Red7 42. Rd2 Kg7 43. Rc1 c4 44. bxc4 c5 45. Rb1 Re8 46. Rh2
Kg8 47. Rh6 Rd6 48. g5 fxg5 49. fxg5 Rf8 50. Rh2 Rd7 51. Rf2 Rxf2 52. Kxf2 Rf7+
53. Ke2 Kf8 54. Rf1 Rxf1 55. Kxf1 Ke7 56. Ke2 Kd6 57. Kd2 Kc6 58. c3 bxc3+ 59.
Kxc3 1/2-1/2

[Event "4NCL/Div3/CHEDP vs. BRJ"]
[Site "Coventry ENG"]
[Date "2007.01.13"]
[Round "5.2"]
[White "Girdlestone, Paul"]
[Black "Wallace, Paul A"]
[Result "1/2-1/2"]
[WhiteElo "2225"]
[BlackElo "2274"]
[PlyCount "54"]
[EventDate "2007.01.13"]
[EventType "team"]
[EventRounds "11"]
[EventCountry "ENG"]
[WhiteTeam "Brown Jack"]
[BlackTeam "Cheddleton"]

1. d4 Nf6 2. Nc3 d5 3. Bg5 e6 4. e3 c5 5. Bb5+ Bd7 6. Bxd7+ Nbxd7 7. Nge2 Be7
8. O-O O-O 9. dxc5 Nxc5 10. Qd4 Rc8 11. Rac1 a6 12. Rfd1 b5 13. f3 b4 14. Bxf6
gxf6 15. Qxb4 Ne4 16. Qa4 Nxc3 17. bxc3 Qb6 18. Qd4 Qa5 19. Qh4 Rc4 20. f4 Kh8
21. Rf1 Rg8 22. Rf3 Rg6 23. Rb1 Qc7 24. Rb3 a5 25. Qe1 a4 26. Rb5 Bc5 27. Qb1
Kg7 1/2-1/2

[Event "4NCL/Div3/CHEDP vs. BRJ"]
[Site "Coventry ENG"]
[Date "2007.01.13"]
[Round "5.3"]
[White "Bennett, Patrick"]
[Black "Richmond, Peter A"]
[Result "0-1"]
[WhiteElo "2147"]
[BlackElo "2238"]
[PlyCount "116"]
[EventDate "2007.01.13"]
[EventType "team"]
[EventRounds "11"]
[EventCountry "ENG"]
[WhiteTeam "Cheddleton"]
[BlackTeam "Brown Jack"]

1. d4 d5 2. Nf3 c6 3. g3 Bf5 4. Bg2 Nf6 5. O-O h6 6. c4 e6 7. Nc3 Nbd7 8. b3
Be7 9. Bb2 Ne4 10. cxd5 exd5 11. Ne5 Nxc3 12. Bxc3 O-O 13. Nxd7 Qxd7 14. Qd2
Rfe8 15. a4 Bh3 16. Ra2 Bf6 17. Rd1 Bxg2 18. Kxg2 Qf5 19. Qd3 Qxd3 20. Rxd3 a5
21. Rc2 Kf8 22. Kf3 Re4 23. e3 Be7 24. Bd2 f5 25. h3 Ke8 26. Ke2 Kd7 27. Rc1
Bd6 28. f4 b6 29. Kf3 g5 30. Rg1 Rf8 31. Bc1 Rf7 32. Rg2 Ke6 33. Rgd2 Rg7 34.
Rd1 Kd7 35. Kf2 Re6 36. Kf3 Reg6 37. Rg1 h5 38. Bd2 g4+ 39. hxg4 Rxg4 40. Be1
h4 41. Rg2 Bb4 42. Bf2 Kd6 43. Rd1 c5 44. Rh1 hxg3 45. Rxg3 Rxg3+ 46. Bxg3 c4
47. Rb1 Kc6 48. Bf2 cxb3 49. Rxb3 b5 50. axb5+ Kxb5 51. Rb1 Kc4 52. Be1 Rg1 53.
Bxb4 Rxb1 54. Bxa5 Kd3 55. Bc7 Re1 56. Kg3 Kxe3 57. Be5 Rg1+ 58. Kh4 Rg4+ 0-1

[Event "4NCL/Div3/CHEDP vs. BRJ"]
[Site "Coventry ENG"]
[Date "2007.01.13"]
[Round "5.4"]
[White "Rabbitt, Michael"]
[Black "McKenna, Jason P"]
[Result "0-1"]
[WhiteElo "2165"]
[BlackElo "2147"]
[PlyCount "88"]
[EventDate "2007.01.13"]
[EventType "team"]
[EventRounds "11"]
[EventCountry "ENG"]
[WhiteTeam "Brown Jack"]
[BlackTeam "Cheddleton"]

1. d4 g6 2. Nf3 Bg7 3. e4 d6 4. c4 Nf6 5. Nc3 O-O 6. Be2 e5 7. O-O Nc6 8. d5
Ne7 9. Bg5 h6 10. Bxf6 Bxf6 11. b4 Bg7 12. c5 f5 13. Nd2 fxe4 14. Ndxe4 Nf5 15.
Bg4 Rf7 16. a4 a5 17. Rb1 axb4 18. Rxb4 dxc5 19. Nxc5 Qf8 20. Nd3 b6 21. Re1
Kh7 22. Qd2 Ba6 23. Rbe4 Nd6 24. R4e2 Nc4 25. Qa2 Nd6 26. Qc2 Nf5 27. Rd2 Nd4
28. Qa2 Re8 29. Ne4 Bb7 30. a5 Ra8 31. Rb2 Rxa5 32. Qxa5 bxa5 33. Rxb7 a4 34.
Ndc5 a3 35. Ra1 Qa8 36. d6 cxd6 37. Rxf7 dxc5 38. Nxc5 Qd5 39. Rc7 a2 40. Bd1
e4 41. Nxe4 Qxe4 42. h3 Qb1 43. Rc1 Ne2+ 44. Bxe2 Bxa1 0-1

[Event "4NCL/Div3/CHEDP vs. BRJ"]
[Site "Coventry ENG"]
[Date "2007.01.13"]
[Round "5.5"]
[White "Harman, Kenneth B"]
[Black "Cabero, Pablo Padilla"]
[Result "1/2-1/2"]
[WhiteElo "2168"]
[BlackElo "2085"]
[PlyCount "147"]
[EventDate "2007.01.13"]
[EventType "team"]
[EventRounds "11"]
[EventCountry "ENG"]
[WhiteTeam "Cheddleton"]
[BlackTeam "Brown Jack"]

1. d4 f5 2. Bg5 d5 3. e3 c6 4. Nf3 Qb6 5. Nbd2 Nd7 6. Bd3 g6 7. Rb1 a5 8. h4 h6
9. Bf4 Ngf6 10. Be5 Bg7 11. g4 e6 12. gxf5 gxf5 13. Rg1 Rg8 14. c4 Ng4 15. Bxg7
Rxg7 16. cxd5 cxd5 17. Qa4 Qb4 18. Bb5 Kf8 19. Ke2 Nb6 20. Qxb4+ axb4 21. Ra1
Ra5 22. Bd3 Na4 23. Rgc1 Bd7 24. Rc2 Nf6 25. Ne5 Be8 26. a3 bxa3 27. Rxa3 Ne4
28. Kf1 Ra8 29. Nxe4 fxe4 30. Be2 Rd8 31. b3 Nb6 32. Ra7 h5 33. Rc5 Rb8 34. Ra1
Nc8 35. Rac1 Nd6 36. Rc7 Rxc7 37. Rxc7 Rc8 38. Rh7 Kg8 39. Re7 Nf5 40. Rxb7
Nxh4 41. Ke1 Ng6 42. b4 Nxe5 43. dxe5 Bg6 44. Kd2 h4 45. Bf1 Bf5 46. b5 h3 47.
b6 Rc6 48. Rb8+ Kg7 49. b7 Rb6 50. Kc3 Bg4 51. Bxh3 Bxh3 52. Kd4 Rb5 53. Kc3
Bf1 54. Kd4 Be2 55. Kc3 Rb6 56. Kd4 Ba6 57. Re8 Rxb7 58. Rxe6 Bc4 59. Rc6 Rf7
60. e6 Rxf2 61. Rc7+ Kg8 62. Ke5 Rf8 63. Ra7 Rf3 64. Ra8+ Kg7 65. e7 Bb5 66.
e8=Q Bxe8 67. Rxe8 Kf7 68. Re6 d4 69. exd4 e3 70. Ke4 Rh3 71. Re5 e2 72. Kf4
Rh4+ 73. Kf3 Rxd4 74. Kxe2 1/2-1/2

[Event "4NCL/Div3/CHEDP vs. BRJ"]
[Site "Coventry ENG"]
[Date "2007.01.13"]
[Round "5.6"]
[White "Hall, Joshua D"]
[Black "Buxton, David E"]
[Result "0-1"]
[WhiteElo "1974"]
[BlackElo "2145"]
[PlyCount "150"]
[EventDate "2007.01.13"]
[EventType "team"]
[EventRounds "11"]
[EventCountry "ENG"]
[WhiteTeam "Brown Jack"]
[BlackTeam "Cheddleton"]

1. e4 e6 2. d4 d5 3. Nc3 Nf6 4. e5 Nfd7 5. Nf3 c5 6. Be3 cxd4 7. Bxd4 Nc6 8.
Be2 Nxd4 9. Qxd4 Bc5 10. Qf4 O-O 11. Nd4 Qc7 12. Nb3 Be7 13. O-O-O Qxe5 14.
Qxe5 Nxe5 15. f4 Nc6 16. Bf3 a5 17. a4 Nb4 18. Rhe1 Bf6 19. Nb5 Bd7 20. N3d4
Rfc8 21. c3 Na6 22. Nd6 Rc7 23. N4b5 Bxb5 24. Nxb5 Rc4 25. f5 Nc5 26. Kc2 Rxa4
27. fxe6 Nxe6 28. Bxd5 Rd8 29. Bxe6 Rxd1 30. Bxf7+ Kxf7 31. Rxd1 b6 32. Nd6+
Ke6 33. Nc8 b5 34. Na7 Rg4 35. g3 b4 36. Nb5 Re4 37. Kd3 Re5 38. Nd4+ Kd6 39.
cxb4 axb4 40. Kc4 Re4 41. Rd3 g5 42. Rd1 h5 43. h3 g4 44. hxg4 Rxg4 45. Rd3 Be5
46. Rd1 Bxg3 47. Kb3 h4 48. Nf5+ Kc5 49. Ne3 Re4 50. Rc1+ Kb5 51. Nf5 Be5 52.
Rh1 Re2 53. Nd6+ Bxd6 54. Rxh4 Re3+ 55. Kc2 b3+ 56. Kd2 Rg3 57. Rd4 Bb4+ 58.
Kc1 Rg1+ 59. Rd1 Rg2 60. Rd5+ Kc4 61. Rd8 Bc5 62. Re8 Rg1+ 63. Kd2 Bb4+ 64. Ke2
Re1+ 65. Kf2 Rxe8 66. Kf3 Kd3 67. Kf4 Bd6+ 68. Kf5 Kd4 69. Kf6 Kd5 70. Kf7 Re6
71. Kg7 Be5+ 72. Kf7 Rh6 73. Ke7 Rh7+ 74. Kf8 Ke6 75. Kg8 Rh8# 0-1

[Event "4NCL/Div3/CHEDP vs. BRJ"]
[Site "Coventry ENG"]
[Date "2007.01.13"]
[Round "5.7"]
[White "Butterworth, Andrew"]
[Black "Thomas, Nicola D"]
[Result "1-0"]
[WhiteElo "2095"]
[BlackElo "1910"]
[PlyCount "57"]
[EventDate "2007.01.13"]
[EventType "team"]
[EventRounds "11"]
[EventCountry "ENG"]
[WhiteTeam "Cheddleton"]
[BlackTeam "Brown Jack"]

1. e4 e6 2. d4 d5 3. Nc3 Nf6 4. Bg5 Be7 5. e5 Nfd7 6. h4 a6 7. Qg4 f6 8. Bd3
Nc6 9. Bf4 fxe5 10. Qh5+ Kf8 11. dxe5 Nb4 12. Bg6 c5 13. Rh3 Kg8 14. Bf7+ Kf8
15. O-O-O Nf6 16. exf6 Bxf6 17. Bg5 e5 18. Rf3 Qe7 19. Bxd5 Be6 20. Bxf6 gxf6
21. Qxe5 Kf7 22. Re1 Rae8 23. Qh5+ Kf8 24. Rxe6 Nxd5 25. Rxe7 Rxe7 26. Nxd5
Re1+ 27. Kd2 Rxg1 28. Rxf6+ Kg7 29. Qg5# 1-0